Government securities in business entities

Gespeichert in:
Bibliographische Detailangaben
1. Verfasser: Ješš, Michal, 1986-
Weitere Verfasser: Lepieš, Matej, 1986-
Format: Buchkapitel
Sprache:Englisch
Schlagworte:
Tags: Tag hinzufügen
Keine Tags, Fügen Sie das erste Tag hinzu!

MARC

LEADER 00000nla a2200000 4500
001 0164488
005 20240502083404.2
041 0 |a eng 
044 |a CZ 
245 1 0 |a Government securities in business entities  |c Michal Ješš, Matej Lepieš 
610 2 0 |a papiere cenné 
610 2 0 |a dlhopisy štátne 
610 2 0 |a banky centrálne 
610 2 0 |a emitenti 
610 2 0 |a aktíva 
610 2 0 |a nástroje investičné 
100 1 |a Ješš, Michal, 1986- 
700 1 |a Lepieš, Matej, 1986-